| 000 | 03005nam0a2200409 i 4500 | ||
|---|---|---|---|
| 001 | RU\NLR\BIBL_A\010848461 | ||
| 005 | 20241103093046.0 | ||
| 010 | _a9785905149139 | ||
| 021 |
_aRU _b2015-53511 _93699 |
||
| 035 | _a(NILC)RuMoRGB-008000077 | ||
| 035 | _a(NLR Aleph) 010848461 | ||
| 090 |
_a10364337 _c10364337 |
||
| 100 | _a20150928d2015 um y0rusy50 ca | ||
| 101 | 0 | _arus | |
| 102 | _aRU | ||
| 105 | _aach|z|||000cd | ||
| 200 | 1 |
_aПод скальпелем природы и искусства _e[очерки о ярких личностях в истории отечественной медицины и нейрохирургии] _fЕ. Н. Кондаков, Т. Н. Пирская |
|
| 210 |
_aСанкт-Петербург _cX-PRINT _d2015 |
||
| 215 |
_a90 с. _cил., цв. ил., портр., факс. _d22Х29 |
||
| 300 | _aНа 4-й с. обл. авт.: Е. Н. Кондаков нейрохирург, д.м.н., проф., лауреат Гос. премии России в обл. науки и техники, лауреат премии им. проф. А.Л. Поленова, Т. Н. Пирская невролог, к.м.н. | ||
| 320 | _aБиблиогр.: с. 88-90 | ||
| 327 | 1 | _aСодерж.: о Н.И. Кульбине, Л.В. Блюменау, Б.Л. Смирнове, Ю.М. Волобуеве, В.А. Гойхмане, Г.С. Тиглиеве. В кн. также: Профессор Луцик Анатолий Андреевич / Ольшанский Г.С. Размышление о творчестве профессора, врача-нейрохирурга Евгения Кондакова / Нассонова Н.В. | |
| 464 | 0 |
_12001#$aПрофессор Луцик Анатолий Андреевич _1700#1$aОльшанский$bГ. С.$gГеоргий Семенович _tПрофессор Луцик Анатолий Андреевич _aОльшанский, Георгий Семенович |
|
| 464 | 0 |
_12001#$aРазмышление о творчестве профессора, врача-нейрохирурга Евгения Кондакова _1700#1$aНассонова$bН.В. _tРазмышление о творчестве профессора, врача-нейрохирурга Евгения Кондакова _aНассонова, Н.В. |
|
| 606 | 1 |
_aСамодеятельное искусство _yРоссийская Федерация _92627361 _3RU\NLR\AUTH\661563921 |
|
| 606 | 1 |
_aСамодеятельное искусство _yСССР _91119213 _3RU\NLR\AUTH\66123451 |
|
| 606 |
_aНейрохирурги _92263693 _3RU\NLR\AUTH\6601586783 |
||
| 675 | _a7.0 | ||
| 686 | 1 | _aЩ03(2)7-9 | |
| 686 | 1 | _aР.г(2) | |
| 700 | 1 |
_aКондаков _bЕ. Н. _gЕвгений Николаевич |
|
| 701 | 1 |
_aПирская _bТ. Н. _gТатьяна Николаевна |
|
| 801 | 0 |
_aRU _bРГБ _c20150819 _gRCR |
|
| 942 | _cBOOK | ||
| 980 | _aNBR | ||